000 00616nam a2200193 i 4500
001 51361
003 ES-MaACL
005 20230906162337.0
007 t|
008 030812s1974 sp ||||1| spa d
100 1 _aDahl, Robert Alan.
_942441
245 1 3 _aLa poliarquía
_b: participación y oposición /
_cRobert A. Dahl ; [traductora, Julia Moreno].
260 _aMadrid :
_bGuadiana,
_c[1971]
300 _a268 p. :
_bil. ;
_c21 cm.
490 1 _aBiblioteca universitaria Guadiana
830 0 _aBiblioteca universitaria Guadiana
_9180795
852 _aES-MaACL
_jC-56736
_bR.89618
999 _c51361
_d51361